Politics of precarity : (Record no. 173607)

MARC details
000 -LEADER
fixed length control field 00702nam a22001937a 4500
005 - DATE AND TIME OF LATEST TRANSACTION
control field 20200303155229.0
010 ## - LCCN (DPL NO)
LC control number ENG-127956
020 ## - INTERNATIONAL STANDARD BOOK NUMBER
International Standard Book Number 9780199489763
Terms of availability 1250.00
035 ## - SYSTEM CONTROL NUMBER
System control number EN-111488
037 ## - SOURCE OF ACQUISITION
Source of stock number/acquisition DBAD/PUB
082 ## - DEWEY DECIMAL CLASSIFICATION NUMBER
Classification number 331.129161073
100 ## - MAIN ENTRY--PERSONAL NAME
Personal name Ray,Panchali
245 ## - TITLE STATEMENT
Title Politics of precarity :
Remainder of title gendered subjects and the health care industry in contemporary Kolkata by Ray, Panchali/
Statement of responsibility, etc Panchali,Ray
260 ## - PUBLICATION, DISTRIBUTION, ETC. (IMPRINT)
Place of publication, distribution, etc New Delhi
Name of publisher, distributor, etc oxford University Press
Date of publication, distribution, etc 2019
270 ## - ADDRESS
Address 2/11 Ground floor, Ansari Road,Daryaganj
City New Delhi
Postal code 500029
300 ## - PHYSICAL DESCRIPTION
Extent ix;265p.
Dimensions 22cm(hb)
500 ## - GENERAL NOTE
General note include bibliographical references and index
942 ## - ADDED ENTRY ELEMENTS (KOHA)
Source of classification or shelving scheme Dewey Decimal Classification
Item type English Books
Classification part 331.129161073
Call number suffix RAY
Holdings
Withdrawn status Lost status Not for loan Collection code Home library Current library Date acquired Source of acquisition Cost, normal purchase price Full call number Barcode Copy number Cost, replacement price Koha item type
      Non-fiction Shahdara Branch Shahdara Branch 03/03/2020 DBAD/PUB 1250.00 331.129161073 RAY EN-111488 1 1250.00 English Books

© Delhi Public Library
Hit Counter
free hit counter